The 50 Most-streamed Rappers on Spotify - Statistics

General Stats
  • This quiz has been taken 65 times
  • The average score is 21 of 50
Answer Stats
Rank Rapper Songs with 1B+ % Correct
1 Drake 9
95%
2 Eminem 7
95%
7 Kendrick Lamar 5
89%
3 Kanye West 2
86%
23 Lil Wayne 1
79%
10 Nicki Minaj 3
74%
35 JAY-Z 1
70%
8 Future 2
68%
5 Travis Scott 4
67%
6 XXXTENTACION 9
67%
4 Juice WRLD 3
65%
15 Lil Baby 1
63%
44 2Pac 0
61%
42 50 Cent 1
61%
25 Cardi B 2
61%
11 Lil Uzi Vert 1
60%
22 DaBaby 2
56%
19 Tyler, The Creator 1
56%
9 J. Cole 3
53%
47 Playboi Carti 0
53%
14 21 Savage 1
49%
24 Young Thug 0
47%
37 Migos 0
44%
36 Gunna 1
42%
33 A$AP Rocky 1
35%
12 Doja Cat 4
35%
20 Lil Peep 1
35%
18 Pop Smoke 2
35%
46 Kid Cudi 0
33%
13 Metro Boomin 1
33%
38 Kodak Black 0
30%
32 Trippie Redd 0
25%
40 DJ Khaled 2
23%
27 Wiz Khalifa 2
23%
34 Logic 1
21%
16 Mac Miller 0
21%
30 Tyga 1
21%
26 YoungBoy Never Broke Again 0
18%
49 Childish Gambino 0
16%
45 Macklemore 2
16%
48 Flo Rida 0
14%
29 G-Eazy 1
14%
43 Polo G 0
14%
28 NF 1
12%
17 Pitbull 2
12%
39 The Kid LAROI 1
12%
31 A Boogie Wit da Hoodie 0
11%
21 $uicideboy$ 0
4%
41 Bizarrap 1
2%
50 Duki 0
2%
No matching quizzes found
Score Distribution
Percent of People with Each Score
Percentile by Number Answered
Your Score History
You have not taken this quiz